Prowincje Holandii - Statystyki

Ogólne statystyki
  • Ten quiz został rozwiązany 449 razy
  • Średni wynik to 5 z 12
Odpowiedzi na mapie
Odpowiedzi zakodowano w zielono-czerwonej skali na mapie do tego quizu, zgodnie z poniższymi procentami.
 
Statystyki odpowiedzi
Prowincja % Poprawnych
Fryzja
71%
Holandia Północna
67%
Zelandia
66%
Holandia Południowa
65%
Utrecht
52%
Groningen
48%
Brabancja Północna
34%
Limburgia
25%
Geldria
22%
Flevoland
20%
Drente
16%
Overijssel
16%
Nie znaleziono quizów pasujących do podanych kryteriów
Rozkład punktacji
Procent ludzi z każdym wynikiem
Percentyl według liczby udzielonych odpowiedzi
Twoja historia wyników
Nie rozwiązałeś tego quizu